000 01265cam a22003494a 4500
001 12230424
003 OSt
005 20260313152509.0
008 001114s2001 miua b 001 0 eng
010 _a 00051289
020 _a0310236371
_qalk. paper
020 _a9780310236375
_q(alk. paper)
035 _a12230424
040 _aDLC
_cDLC
_dDLC
042 _apcc
050 0 0 _aBR115.C5
_bS335 2004
082 0 0 _a270
_221
100 1 _aSchmidt, Alvin J.
245 1 0 _a How Christianity changed the World [Under the influence] /
_cAlvin J. Schmidt
260 _aGrand Rapids, Mich. :
_bZondervan Publishing House,
_cc2004.
300 _a423 p. :
_bill. ;
_c24 cm.
336 _atext
_btxt
_2rdacontent
337 _aunmediated
_bn
_2rdamedia
338 _avolume
_bnc
_2rdacarrier
504 _aIncludes bibliographical references and index.
650 0 _aChristianity
_xInfluence.
650 0 _aChristian civilization.
906 _a7
_bcbc
_corignew
_d1
_eocip
_f20
_gy-gencatlg
942 _2lcc
_cBK
999 _c21406
_d21405